|
|
|
|
| LEADER |
00000nam0a2200000 4500 |
| 001 |
179414 |
| 005 |
20231101223456.0 |
| 010 |
|
|
|a 9785406005439
|
| 035 |
|
|
|a (RuTPU)RU\TPU\book\194493
|
| 090 |
|
|
|a 179414
|
| 100 |
|
|
|a 20100421d2011 m y0rusy50 ca
|
| 101 |
0 |
|
|a rus
|
| 102 |
|
|
|a RU
|
| 105 |
|
|
|a y j 001zy
|
| 200 |
1 |
|
|a Философия математики, физики, химии, биологии
|e учебное пособие
|f В. А. Канке
|
| 210 |
|
|
|a М
|c Кнорус
|d 2011
|
| 215 |
|
|
|a 368 с.
|
| 320 |
|
|
|a Библиогр. в конце гл.
|
| 330 |
|
|
|a Рассматриваются актуальные проблемы и новейшие тенденции развития философии математики, физики, химии и биологии. Особое внимание уделяется концептуальным переходам внутри теории, а также интертеоретическим и интеротраслевым отношениям. Компактность изложения сочетается с концептуальной и дидактической ясностью. Для студентов старших курсов университетов, магистрантов и аспирантов. Представляет интерес для философов, математиков, физиков, химиков, биологов, а также для широкого круга читателей.
|
| 606 |
1 |
|
|a Естествознание
|x Философские проблемы
|2 stltpush
|3 (RuTPU)RU\TPU\subj\39118
|9 59321
|
| 610 |
1 |
|
|a философия
|
| 610 |
1 |
|
|a математика
|
| 610 |
1 |
|
|a физика
|
| 610 |
1 |
|
|a биология
|
| 610 |
1 |
|
|a логицизм
|
| 610 |
1 |
|
|a интуиционизм
|
| 610 |
1 |
|
|a конструктивизм
|
| 610 |
1 |
|
|a формализм
|
| 610 |
1 |
|
|a платонизм
|
| 610 |
1 |
|
|a реализм
|
| 610 |
1 |
|
|a натурализм
|
| 610 |
1 |
|
|a квазиэмпиризм
|
| 610 |
1 |
|
|a фикционализм
|
| 610 |
1 |
|
|a структурализм
|
| 610 |
1 |
|
|a социальный конструктивизм
|
| 610 |
1 |
|
|a доказательство
|
| 610 |
1 |
|
|a истина
|
| 610 |
1 |
|
|a этика
|
| 610 |
1 |
|
|a ЭПР-парадокс
|
| 610 |
1 |
|
|a механика
|
| 610 |
1 |
|
|a квантовая механика
|
| 610 |
1 |
|
|a теория струн
|
| 610 |
1 |
|
|a трансдукция
|
| 610 |
1 |
|
|a референция
|
| 610 |
1 |
|
|a визуализация
|
| 610 |
1 |
|
|a концептуализация
|
| 610 |
1 |
|
|a дарвинизм
|
| 610 |
1 |
|
|a гены
|
| 610 |
1 |
|
|a жизнь
|
| 610 |
1 |
|
|a учебные пособия
|
| 686 |
|
|
|a Ю252:5я73
|v LBC/SL-A
|2 rubbk
|
| 700 |
|
1 |
|a Канке
|b В. А.
|g Виктор Андреевич
|
| 801 |
|
1 |
|a RU
|b 63413507
|c 20100421
|
| 801 |
|
2 |
|a RU
|b 63413507
|c 20181005
|g RCR
|
| 900 |
|
|
|a Философия науки
|
| 942 |
|
|
|c BK
|
| 959 |
|
|
|a 25/20100419
|d 2
|e 0
|f АНЛ:1
|f ЧЗТЛ:1
|
| 959 |
|
|
|a 50/20100823
|d 2
|e 325,00
|f АНЛ:1
|f ЧЗГЛ:1
|